Movies Quiz

Random Movies or Actor Quiz

Samuel L. Jackson movie? Quiz Stats

 Plays Quiz not verified by Sporcle

Challenge
Share
Tweet
Embed
Score 0/30 Timer 04:00
0 Plays Today
% Correct
Yes
87.7%
No
83.1%
No
83.1%
No
82.3%
Yes
80.8%
No
80.8%
No
80.4%
No
79.6%
No
79.6%
Yes
77.3%
Yes
75.4%
No
72.7%
No
71.2%
No
70.4%
No
68.5%
% Correct
No
67.7%
Yes
65%
No
65%
No
63.8%
Yes
62.3%
No
61.5%
No
58.5%
Yes
58.1%
Yes
55.4%
No
51.5%
Yes
51.5%
Yes
47.3%
Yes
46.9%
Yes
46.2%
Yes
35.4%

You're not logged in!

Compare scores with friends on all Sporcle quizzes.
OR
Log In

You Might Also Like...

Show Comments

Extras

Top Quizzes Today


Score Distribution

Your Account Isn't Verified!

In order to create a playlist on Sporcle, you need to verify the email address you used during registration. Go to your Sporcle Settings to finish the process.

Report this User

Report this user for behavior that violates our Community Guidelines.

Details: